Todas os times em que Fernandão marcou gols atuando no Internacional - Statistics

Estatísticas Gerais
  • Esse quiz foi jogado 160 vezes
  • A pontuação média é 26 de 38
Estatísticas das Respostas
Local (Gols) Resposta % Correto
RS (4) Grêmio
99%
SP (5) São Paulo
98%
MG (4) Cruzeiro
97%
RJ (2) Flamengo
96%
RS (6) Juventude
95%
RJ (3) Vasco
95%
RJ (2) Botafogo
94%
MG (2) Atlético
93%
SP (3) Palmeiras
92%
SP (1) Corinthians
91%
SP (1) Santos
91%
RS (3) Caxias
90%
GO (2) Goiás
90%
PR (2) Athlético
88%
PR (2) Coritiba
85%
Uruguai (2) Nacional
81%
PB (1) Nacional-PB
81%
RN (1) América-RN
80%
CE (1) Fortaleza
80%
Argentina (1) Boca Juniors
77%
PR (2) Paraná
77%
BA (1) Vitória
77%
SC (3) Figueirense
76%
Itália (1) Internazionale
73%
PA (2) Paysandu
72%
SC (1) Criciúma
71%
PE (1) Santa Cruz
64%
RS (1) Santa Cruz - RS
64%
Paraguai (1) Libertad
43%
México (2) Pumas
36%
RS (3) Veranópolis
25%
RS (1) Esportivo
21%
RS (1) Guarany de Bagé
18%
RS (1) ULBRA Canoas
18%
RS (3) Glória
16%
Colômbia (1) Junior Barranquilla
14%
RJ (2) Friburguense
7%
MS (1) Chapadão
2%
Nenhum quiz correspondente encontrado
Distribuição das Pontuações
Porcentagem de Pessoas com Cada Pontuação
Percentil de Números Respondidos
Sua Pontuação Histórica
Você não jogou esse quiz